| 000 | 00995cam a22002655a 4500 | ||
|---|---|---|---|
| 008 | 120915t2009 enka frb 001 0 eng d | ||
| 020 | _a9781906659318 | ||
| 040 |
_aIiNdDKA _beng _cIiNdDKA _dEG-ScBUE |
||
| 043 | _ae-sw--- | ||
| 082 | 0 | 4 |
_a332.109485 _222 _bKRO |
| 100 | 1 | _aKroner, Niels. | |
| 245 | 1 | 2 |
_aA blueprint for better banking : _bSvenska Handelsbanken and a proven model for post-crash banking / _cby Niels Kroner ; [foreword by Hilmar Kopper] |
| 260 |
_aPetersfield : _bHarriman House, _cc.2009. |
||
| 300 |
_ax, 208 p. : _bill. ; _c24 cm. |
||
| 504 | _aIncludes bibliographical references and index. | ||
| 610 | 2 | 7 |
_aSvenska handelsbanken. _2BUEsh |
| 650 | 7 |
_aBank management _zSweden. _2BUEsh |
|
| 650 | 7 |
_aBanks and banking _zSweden. _2BUEsh |
|
| 651 | _2BUEsh | ||
| 653 |
_bBUSADM _cMay2018 |
||
| 690 | 7 |
_aManagement and Business Studies _2blcoll |
|
| 700 | 1 |
_aKopper, Hilmar, _eauthor of introduction, etc. |
|
| 942 | _2ddc | ||
| 999 |
_c26730 _d26702 |
||